| 000 | 00631nam a2200241Ia 4500 | ||
|---|---|---|---|
| 003 | OSt | ||
| 005 | 20221007071213.0 | ||
| 006 | a|||||r|||| 00| 0 | ||
| 007 | ta | ||
| 008 | 221006b |||||||| |||| 00| 0 eng d | ||
| 024 | _a10,492 | ||
| 037 | _cTextual | ||
| 040 |
_aFLL _cFLL _beng |
||
| 041 |
_2eng _aeng |
||
| 082 | _aMY31:Z3t, L8.1 | ||
| 100 |
_aRothschild Au. _9688313 |
||
| 245 | 0 | _aRoyal commission on gambling | |
| 260 |
_aLondon _bAjesty pub. London _c1978 |
||
| 300 |
_axv,266p _ccm. |
||
| 490 | _vVol.1 | ||
| 942 |
_hMY31:Z3t, L8.1 _cTEXL _2CC |
||
| 999 |
_c1142749 _d1142749 |
||